000 00725nam a2200193Ii 4500
003 JO-AjNU
008 230605s9999||||xx |||||||||||||| ||und||
040 _aJO-AjNU
_bara
_erda
_cJO-AjNU
041 _aara
050 1 4 _aPJ7750.A25.Z757
100 3 _aالخطيب، عبد الكريم,
_eauthor
_910446
245 0 0 _aرهين المحبسين أبو العلاء المعري بين الإيمان والالحاد
264 3 1 _aالقاهرة: دار الفكر العربي، د.ت
300 _a127ص
336 _atext
_btxt
_2rdacontent
337 _aunmediated
_bn
_2rdamedia
338 _avolume
_bnc
_2rdacarrier
650 4 _aابو العلاء المعري - احمد بن عبدالله بن سليمان
_910447
999 _aA1810
_c5378
_d5378